01778cam a2200337 a 4500001001000000003000900010005001700019006001900036007000300055008004100058040003000099082003000129100004900159245006800208250001900276264005900295300007200354336002700426337003300453338002800486500005600514505047000570590002701040600004801067650004301115651003401158651005201192942001401244952016501258999001701423000044137DO-SdBNP20240715092745.0a||||er|||| 00| 0 ta820402e1980 ch aho 000 e spa d aDO-SdBNPbspacBNPHUerda 4222a983.065bP657d, 1980 1 aPinochet Ugarte, Augusto,d1915-2006.92756813aEl día decisivo :b11 de septiembre de 1973 /cA. Pinochet U. a4a. edición. 1a[Santiago de Chile] :bEditorial Andrés Bello,c1980 a279 páginas :bilustraciones, facsímil, fotografías ;c23 cm. 2rdacontentatextobtxt 2rdamediaasin mediaciónbn 2rdacarrieravolumenbnc aIncluye bibliografía y notas al pie de páginas. aPrólogo.tEntrada en Materia.-- Primeros años en la carrera de las armas.-- El comportamiento militar estanco.-- elección presidencial.-- No hay mejor defensa que un buen ataque.-- Los últimos meses del régimen marxista.-- Actividadades del día 10 y noche del 10 al 11 de septiembre de 1973.-- La batalla de Santiago.-- Constitución y primeras actividades de la Junta de Gobierno.-- Cuenta del estado del país al 11 de septiembre de 1973.--tAnexos. aInventariado 2024 / MF 4aPinochet Ugarte, Augusto,971031d1915-2006 4aPresidenteszChilexEntrevistas941069 4aChilexHistoriay1973.941067 4aChilexPolítica Y Gobiernoy1970-1973.941068 2ddccLBS1 00102ddc56708GRaBNPHUbBNPHUcCTd2011-05-19eDonado por B. N. Pedro Altaresl0o983.065 P657d, 1980 p44137-10r2020-06-25w2020-06-25yLBS1ZNo se presta c43626d43626